000 00966cpcaa2200241 4500
001 mm 80003678
003 DLC
005 20260227111702.0
008 800304|||||||||||| eng
010 _amm 80003678
040 _aDLC
_cDLC
_edacs
_dDLC
072 7 _aG
_2lcmd
100 1 _aDoolittle, Lucy Salisbury,
_d1832-1908.
245 0 0 _aLucy Salisbury Doolittle papers,
_f1864-1867.
300 _a11
_fitems.
506 0 _aOpen to research.
533 _aIn part, negative photocopies and typewritten transcript from originals in the hands of Mrs. L.A. Bauer.
_bWashington, D.C. :
_cLibrary of Congress Photoduplication Service,
_d1938.
545 0 _aEducator. Born Lucy Salisbury.
546 _aCollection material in English.
580 _aForms part of: Miscellaneous Manuscripts collection.
656 7 _aEducators.
_2itoamc
999 _c42701
_d42701